000 00569nam a2200205Ia 4500
005 20260114154959.0
008 008 250103s9999 xx 000 0 eng d
037 _aTheses
040 _aCRL
_beng
_cCRL
041 _aeng
_2eng
084 _qCRL
100 _aLongchar Sentisungla Au.
_9869262
245 4 _aThe Social Brain of Autism
260 _aDelhi
_bUniversity of Delhi. Faculty of Arts. Deptt. of Pshychology
_c2024
300 _a244p.
650 _aPsychology
_9869263
700 _a Nandita Babu Gu.
_9869264
942 _cTH
999 _c1469464
_d1469464